00924nam a22002657a 450000500170000001000130001702000220003003500130005203700160006504000120008108200180009310000260011124500840013725000110022126000480023227000440028030000350032450000200035965000340037965000310041370000310044494200270047599900190050295201370052120170124105955.0 aB-081389 c00.00a0070532435 aB-081389 bCen Lib/Ret aDPLbEN a621.3824bJOH aJohn D. Kraus 914369 aAntennas : cby John D. Kraus [and] Ronald J. Marhefka bfor all applications / a3rd ed aNew Delhi bTata McGraw Hill Company c2002 a7 West Patel Nagar bNew Delhi e110008 axviii, 938p. ;c23cm(Hb)bill. aIncludes index  aAntennas (electronics)914370 aHistory of Antennas914371 aMarhefka, Ronald J.991468 2ddccENh621.3824mJOH c125438d125438 00104070aLbLd2015-06-22eCen Lib/Retg0.00l2o621.3824 JOHpB-081389r2017-05-15 00:00:00s2017-05-02t1v0.00w2015-06-22yEN